书目信息 |
| 题名: |
服饰图案
|
|
| 作者: | 曹耀明 , 张秋平 主编 | |
| 分册: | ||
| 出版信息: | 上海 上海交通大学出版社 2004.08 |
|
| 页数: | 81页 | |
| 开本: | 26cm | |
| 丛书名: | ||
| 单 册: | ||
| 中图分类: | TS941.2-64 | |
| 科图分类: | ||
| 主题词: | 服饰--图集 | |
| 电子资源: | ||
| ISBN: | 7-313-03685-X | |
| 000 | 00736nam0 2200241 450 | |
| 001 | 0172050589 | |
| 005 | 20050718091603.99 | |
| 010 | @a7-313-03685-X@dCNY33.00 | |
| 100 | @a20050316d2004 km y0chiy0120 ea | |
| 101 | 0 | @achi |
| 102 | @aCN@b310000 | |
| 105 | @aa a 000yy | |
| 200 | 1 | @a服饰图案@Afu shi tu an@f曹耀明, 张秋平主编@Fcao yao ming,zhang qiu ping zhu bian |
| 210 | @a上海@c上海交通大学出版社@d2004.08 | |
| 215 | @a81页@c图@d26cm | |
| 320 | @a有书目 (第81页)。 | |
| 330 | @a本书图文并茂的叙述了服装装饰图案设计。 | |
| 606 | 0 | @a服饰@x图集 |
| 690 | @aTS941.2-64@v4 | |
| 701 | 0 | @a曹耀明@Acao yao ming@4主编 |
| 701 | 0 | @a张秋平@Azhang qiu ping@4主编 |
| 801 | 0 | @aCN@bQSSK@c20050718 |
| 905 | @a10447@dTS941.2-64@eC164 | |
| 服饰图案/曹耀明, 张秋平主编.-上海:上海交通大学出版社,2004.08 |
| 81页:图;26cm |
| ISBN 7-313-03685-X:CNY33.00 |
| 本书图文并茂的叙述了服装装饰图案设计。 |
| ● |
| 相关链接 |
|
|
|
正题名:服饰图案
索取号:TS941.2-64/C164
 
预约/预借
| 序号 | 登录号 | 条形码 | 馆藏地/架位号 | 状态 | 备注 |
| 1 | 523001 | 205230016 | 自科库501/501自科库 73排2列4层/ [索取号:TS941.2-64/C164] | 在馆 | |
| 2 | 523002 | 205230025 | 自科库501/501自科库 73排2列4层/ [索取号:TS941.2-64/C164] | 在馆 | |
| 3 | 523003 | 205230034 | 自科库501/501自科库 73排2列4层/ [索取号:TS941.2-64/C164] | 在馆 |